| 000 | 00843cam a2200253 a 4500 | ||
|---|---|---|---|
| 008 | |||
| 020 | _a9789629372361 (pbk.) | ||
| 049 | _aMAIN | ||
| 090 |
_aNA2542.3 _bMAK |
||
| 100 | 1 | _aMak, Michael Y. | |
| 245 | 1 | 0 |
_aScientific feng shui for the built environment : _bfundamentals and case studies / _cMichael Y. Mak, Albert T. So. |
| 260 |
_aHong Kong : _bCity University of Hong Kong Press, _c2015. |
||
| 300 |
_axxiii, 328 p. : _bill. (some col.) ; _c28 cm. |
||
| 500 | _aIncludes index. | ||
| 504 | _aIncludes bibliographical references. | ||
| 650 | 0 | _aFeng shui. | |
| 650 | 0 |
_aArchitecture _xEnvironmental aspects. |
|
| 700 | 1 | _aSo, Albert Ting-pat. | |
| 907 |
_a.b1037839x _b13-03-17 _c21-02-17 |
||
| 003 | |||
| 005 | 20230123122241.0 | ||
| 040 | _cNUST | ||
| 942 |
_cBOOKS _kNA2542.3 _mMAK |
||
| 999 |
_c130418 _d130418 |
||